|
|
|
|
| LEADER |
00000nam0a2200000 4500 |
| 001 |
271952 |
| 005 |
20231101234502.0 |
| 020 |
|
|
|a RU
|b 87-64334
|
| 035 |
|
|
|a (RuTPU)RU\TPU\book\295156
|
| 090 |
|
|
|a 271952
|
| 100 |
|
|
|a 20141014d1987 km y0rusy5003 ca
|
| 101 |
0 |
|
|a rus
|
| 102 |
|
|
|a RU
|
| 105 |
|
|
|a y g 001zy
|
| 200 |
1 |
|
|a Кристаллизация из расплавов
|e справочник
|f под ред. К. Хайна ; Э. Бурига
|
| 210 |
|
|
|a Москва
|c Металлургия
|d 1987
|
| 215 |
|
|
|a 320 с.
|
| 320 |
|
|
|a Библиогр.: с. 304-319
|
| 606 |
1 |
|
|a Металлы
|x Кристаллохимия
|2 stltpush
|3 (RuTPU)RU\TPU\subj\43128
|9 62686
|
| 610 |
1 |
|
|a коэффициент распределения
|
| 610 |
1 |
|
|a расчет
|
| 610 |
1 |
|
|a твердое состояние
|
| 610 |
1 |
|
|a примеси
|
| 610 |
1 |
|
|a неравновесные условия
|
| 610 |
1 |
|
|a зонная плавка
|
| 610 |
1 |
|
|a справочники
|
| 675 |
|
|
|a 669:548(035)
|v 4
|
| 702 |
|
1 |
|a Хайн
|b К.
|g Клаус
|4 340
|
| 702 |
|
1 |
|a Буриг
|b Э.
|g Эбергард
|4 340
|
| 801 |
|
0 |
|a RU
|b RuMRKP
|c 19950417
|g psbo
|
| 801 |
|
1 |
|a RU
|b 63413507
|c 20141014
|
| 801 |
|
2 |
|a RU
|b 63413507
|c 20170314
|g RCR
|
| 942 |
|
|
|c BK
|